[Event "World Blitz 2016"]
[Site "Doha QAT"]
[Date "2016.12.30"]
[Round "18.45"]
[White "Salinas Herrera, Pablo"]
[Black "Venkatesh, M.R."]
[Result "1-0"]
[WhiteTitle "IM"]
[BlackTitle "GM"]
[WhiteElo "2466"]
[BlackElo "2439"]
[WhiteFideId "3407128"]
[BlackFideId "5005779"]
[EventDate "2016.12.29"]

1. d4 d5 2. Bf4 Nf6 3. e3 e6 4. Nf3 Bd6 5. Bg3 b6 6. Bb5+ c6 7. Bd3 Bb7 8. Nbd2
Qe7 9. c3 Bxg3 10. hxg3 Nbd7 11. Qe2 e5 12. dxe5 Nxe5 13. Nxe5 Qxe5 14. a4 a5
15. Qf3 h6 16. Qf4 Nd7 17. Bf5 Qxf4 18. gxf4 Nc5 19. f3 Ke7 20. Kf2 Kf6 21. Bc2
b5 22. axb5 cxb5 23. Nb3 Nxb3 24. Bxb3 a4 25. Ba2 Rhc8 26. Rac1 a3 27. b4 Rc7
28. Ke2 Rd8 29. Kd2 Bc8 30. g4 Be6 31. f5 Bc8 32. Bb3 Bb7 33. Rhf1 g6 34. fxg6
fxg6 35. Rh1 Kg7 36. Rh3 g5 37. f4 gxf4 38. exf4 d4 39. c4 bxc4 40. Rxc4 Re7 41.
Rc5 Ra8 42. Ba2 Re4 43. g5 Bc8 44. Rc7+ Kf8 45. Rxh6 Be6 46. Bxe6 1-0

[Event "World Blitz 2016"]
[Site "Doha QAT"]
[Date "2016.12.30"]
[Round "18.46"]
[White "Neelotpal, Das"]
[Black "Zhang, Zhong"]
[Result "0-1"]
[WhiteTitle "GM"]
[BlackTitle "GM"]
[WhiteElo "2463"]
[BlackElo "2645"]
[WhiteFideId "5003512"]
[BlackFideId "8600694"]
[EventDate "2016.12.29"]

1. e4 c5 2. Nf3 a6 3. c3 d5 4. exd5 Qxd5 5. d4 e6 6. Be2 Nf6 7. Be3 cxd4 8. cxd4
Nc6 9. Nc3 Qd6 10. O-O Be7 11. Qd2 O-O 12. Bf4 Qd8 13. Rfd1 Nb4 14. Ne5 Nbd5 15.
Bf3 Bd7 16. Bg5 Bc6 17. Rac1 Rc8 18. h3 h6 19. Bh4 Re8 20. a3 Qb6 21. Bxf6 Bxf6
22. Nxd5 exd5 23. Nxc6 bxc6 24. Rc3 Rb8 25. b4 Re6 26. g3 a5 27. Rb3 Qa7 28. Qd3
axb4 29. axb4 Rbe8 30. b5 Re1+ 31. Kg2 cxb5 32. Bxd5 Rxd1 33. Qxd1 Bxd4 34. Rf3
Bf6 35. Qb3 Rb8 36. h4 b4 37. Qc4 Qd7 38. g4 Rc8 39. Qa2 Qxg4+ 40. Rg3 Qxh4 41.
Bxf7+ Kh8 42. Be6 Qe4+ 43. Kh2 Rb8 44. Qb3 Be5 0-1

[Event "World Blitz 2016"]
[Site "Doha QAT"]
[Date "2016.12.30"]
[Round "18.47"]
[White "Halkias, Stelios"]
[Black "Howell, David W L"]
[Result "0-1"]
[WhiteTitle "GM"]
[BlackTitle "GM"]
[WhiteElo "2585"]
[BlackElo "2644"]
[WhiteFideId "4201809"]
[BlackFideId "410608"]
[EventDate "2016.12.29"]

1. c4 c6 2. Nf3 d5 3. d4 Nf6 4. Nc3 dxc4 5. a4 e6 6. e3 c5 7. Bxc4 Nc6 8. O-O
cxd4 9. exd4 Be7 10. Re1 O-O 11. Bg5 Nb4 12. Qe2 Bd7 13. Ne5 Nfd5 14. Bxe7 Qxe7
15. Bxd5 exd5 16. Rac1 Rac8 17. Qf3 Qd6 18. h3 a6 19. Qh5 Be6 20. Re3 f6 21. Ng4
Bf7 22. Qh4 Rfe8 23. Rce1 Nc6 24. Rxe8+ Rxe8 25. Rxe8+ Bxe8 26. Ne3 Bf7 27. Qg4
Qe6 28. Qxe6 Bxe6 29. Nc2 Kf7 30. f3 Ke7 31. Kf2 Kd6 32. Ke3 g5 33. g4 f5 34. f4
fxg4 35. hxg4 gxf4+ 36. Kxf4 Bf7 37. Ne2 Bg6 38. Ne3 Nb4 39. Nf5+ Ke6 40. Kg5
Nd3 41. Nf4+ Nxf4 42. Kxf4 Bxf5 43. gxf5+ Kf6 44. a5 h5 45. b4 h4 46. Kg4 h3 47.
Kxh3 Kxf5 48. Kh4 Ke4 49. Kg5 Kxd4 50. Kf6 Kc4 51. Ke6 d4 0-1

[Event "World Blitz 2016"]
[Site "Doha QAT"]
[Date "2016.12.30"]
[Round "18.48"]
[White "Kayumov, Sergey"]
[Black "Debashis, Das"]
[Result "0-1"]
[WhiteTitle "GM"]
[BlackTitle "GM"]
[WhiteElo "2505"]
[BlackElo "2472"]
[WhiteFideId "14200880"]
[BlackFideId "5024854"]
[EventDate "2016.12.29"]

1. Nf3 Nf6 2. b3 d5 3. Bb2 e6 4. g3 Be7 5. Bg2 O-O 6. O-O c5 7. d3 Nc6 8. Nbd2
b6 9. e4 Bb7 10. e5 Nd7 11. Re1 Qc7 12. h4 Rae8 13. h5 f6 14. exf6 Bxf6 15. Bxf6
Nxf6 16. h6 gxh6 17. Nh4 Ne5 18. Qe2 Ng6 19. Ndf3 Kg7 20. a4 d4 21. a5 b5 22. a6
Bd5 23. b4 Bxf3 24. Nxf3 e5 25. bxc5 Qxc5 26. Nd2 h5 27. Ne4 Qe7 28. Ra5 Qb4 29.
Raa1 Qe7 30. Reb1 Rb8 31. Ra5 b4 32. Ng5 h4 33. Be4 hxg3 34. fxg3 Nxe4 35. Nxe4
Rb6 36. Rc5 Kh8 37. Qh5 Rg8 38. Rf1 Rxa6 39. Ng5 Nf4 40. gxf4 exf4 41. Kh1 Rag6
42. Rg1 Qg7 43. Rf5 Rh6 44. Nf7+ Qxf7 45. Qxh6 Rxg1+ 46. Kxg1 Qxf5 47. Qh1 f3
48. Qh4 Qg6+ 49. Kf2 Qg2+ 0-1

[Event "World Blitz 2016"]
[Site "Doha QAT"]
[Date "2016.12.30"]
[Round "18.49"]
[White "Hirneise, Jens"]
[Black "Quintiliano Pinto, Renato R."]
[Result "1-0"]
[WhiteTitle "FM"]
[BlackTitle "IM"]
[WhiteElo "2315"]
[BlackElo "2484"]
[WhiteFideId "24614734"]
[BlackFideId "2117568"]
[EventDate "2016.12.29"]

1. e4 c5 2. Nf3 d6 3. Nc3 Nf6 4. d4 cxd4 5. Nxd4 a6 6. Be3 e5 7. Nb3 Be6 8. f4
exf4 9. Bxf4 Nc6 10. Qe2 Nd7 11. h3 Rc8 12. O-O-O Nce5 13. Kb1 Be7 14. g4 O-O
15. Qe3 Re8 16. g5 Qc7 17. Rh2 Nb6 18. Qg3 Nbc4 19. Bxc4 Nxc4 20. h4 b5 21. h5
b4 22. Nd5 Bxd5 23. exd5 a5 24. Nd4 Qb6 25. Ka1 Bf8 26. g6 Re4 27. gxf7+ Kh8 28.
Ne6 Ne3 29. Bxe3 Rxe3 30. Qg1 b3 31. h6 g6 32. Qg5 Rf3 33. cxb3 Rxf7 34. Rhh1
Qb5 35. Qe3 Be7 1-0

[Event "World Blitz 2016"]
[Site "Doha QAT"]
[Date "2016.12.30"]
[Round "18.50"]
[White "Shytaj, Luca"]
[Black "Tissir, Mohamed"]
[Result "1-0"]
[WhiteTitle "IM"]
[BlackTitle "IM"]
[WhiteElo "2435"]
[BlackElo "2376"]
[WhiteFideId "812633"]
[BlackFideId "9000240"]
[EventDate "2016.12.29"]

1. b3 Nf6 2. Bb2 g6 3. Bxf6 exf6 4. c4 Bg7 5. Nc3 f5 6. g3 h5 7. h4 O-O 8. Bg2
d6 9. e3 Nd7 10. Nge2 Nf6 11. O-O c6 12. d4 Re8 13. Rc1 Ng4 14. Nf4 Qe7 15. Re1
Bd7 16. Qd2 Rad8 17. b4 a6 18. a4 Ra8 19. Rb1 Qf6 20. b5 axb5 21. axb5 Bh6 22.
bxc6 bxc6 23. Rb7 Red8 24. Rxd7 Rxd7 25. Bxc6 Rda7 26. Bxa8 Rxa8 27. Ncd5 Qd8
28. Rb1 Bg7 29. Qb2 Rc8 30. Qb5 Kh7 31. Qb7 Nh6 32. Rc1 Ra8 33. Qc7 Qf8 34. c5
dxc5 35. dxc5 Ra2 36. Qd6 Qe8 37. c6 Ng4 38. Rf1 Rxf2 39. Rxf2 Qe4 40. c7 Qb1+
41. Rf1 Qc2 42. Ng2 Be5 43. Qe7 Bxg3 44. Qxf7+ Kh6 45. Qf8+ Kh7 46. Nf6+ Nxf6
47. Qxf6 Qxc7 48. Nf4 Bxf4 49. exf4 Qc5+ 50. Rf2 Qc1+ 51. Kg2 Qc6+ 52. Qxc6 1-0

[Event "World Blitz 2016"]
[Site "Doha QAT"]
[Date "2016.12.30"]
[Round "18.51"]
[White "Xu, Yi"]
[Black "Gashimov, Sarkhan"]
[Result "1-0"]
[WhiteTitle "IM"]
[WhiteElo "2430"]
[BlackElo "2351"]
[WhiteFideId "8605564"]
[BlackFideId "13400657"]
[EventDate "2016.12.29"]

1. e4 d5 2. exd5 Qxd5 3. Nc3 Qa5 4. Nf3 Nf6 5. d4 Nc6 6. Be2 Bg4 7. h3 Bh5 8.
Bd2 O-O-O 9. Ne4 Qb6 10. Nxf6 gxf6 11. c3 e5 12. O-O Rg8 13. Be3 Bxf3 14. Bxf3
exd4 15. cxd4 Nxd4 16. Rc1 Bc5 17. Re1 Kb8 18. Kh1 Qd6 19. Be4 f5 20. Bxf5 Bb6
21. Qh5 Qd5 22. Bg4 Qxa2 23. Bf4 Qxb2 24. Qxf7 Nb5 25. Bg3 Rg7 26. Qe8 Rg8 27.
Qe6 Nd4 28. Qe7 Nc6 29. Qxh7 Bxf2 30. Bxf2 Qxf2 31. Qe4 Rdf8 32. Rxc6 bxc6 33.
Rb1+ Qb6 34. Rxb6+ axb6 35. Qxc6 Rd8 36. Qc4 Rd6 37. Bc8 1-0

[Event "World Blitz 2016"]
[Site "Doha QAT"]
[Date "2016.12.30"]
[Round "18.52"]
[White "Stratonowitsch, Andre"]
[Black "Gholami, Aryan"]
[Result "0-1"]
[BlackTitle "IM"]
[WhiteElo "2138"]
[BlackElo "2422"]
[WhiteFideId "24613959"]
[BlackFideId "12513342"]
[EventDate "2016.12.29"]

1. e4 c5 2. Nf3 g6 3. d4 cxd4 4. Nxd4 Bg7 5. c4 Nc6 6. Be3 Nh6 7. Be2 O-O 8. Qd2
Nxd4 9. Bxd4 d6 10. O-O Ng4 11. Nc3 Nf6 12. f4 Be6 13. b3 a6 14. Bf3 Rb8 15. Nd5
Bxd5 16. cxd5 Nd7 17. Bxg7 Kxg7 18. Qd4+ Kg8 19. Rac1 Qa5 20. Rc2 Rbc8 21. Rxc8
Rxc8 22. e5 Qc3 23. Qxc3 Rxc3 24. Bg4 Nc5 25. exd6 exd6 26. Re1 Kf8 27. h3 a5
28. Re2 b5 29. Bf3 b4 30. Kh2 Nd3 31. Kg3 Nc5 32. Kg4 Kg7 33. h4 f5+ 34. Kg3 Kf7
35. Kf2 Nd3+ 36. Kf1 Rc1+ 0-1

[Event "World Blitz 2016"]
[Site "Doha QAT"]
[Date "2016.12.30"]
[Round "18.53"]
[White "Saeed, Ishaq"]
[Black "khayat, Abdullah F"]
[Result "1-0"]
[WhiteTitle "FM"]
[WhiteElo "2312"]
[BlackElo "1732"]
[WhiteFideId "9301453"]
[BlackFideId "21500460"]
[EventDate "2016.12.29"]

1. d4 Nf6 2. c4 g6 3. Nc3 Bg7 4. Nf3 d6 5. g3 O-O 6. Bg2 c6 7. O-O a5 8. Qc2 d5
9. Ne5 e6 10. Bg5 Qc7 11. Bf4 Qd8 12. Rad1 Nbd7 13. Nxd7 Bxd7 14. Bd6 Re8 15. c5
b6 16. e4 bxc5 17. dxc5 Bf8 18. Bxf8 Kxf8 19. Na4 Rb8 20. Nb6 Rxb6 21. cxb6 Qxb6
22. Qc3 Ng4 23. h3 Nh6 24. Kh2 Ng8 25. f4 Rc8 26. f5 exf5 27. exf5 Bxf5 28. g4
Be6 29. Kh1 Rd8 30. Rf4 Ne7 31. b3 Nc8 32. Re1 Nd6 33. Rxe6 Ne4 34. Qh8# 1-0

[Event "World Blitz 2016"]
[Site "Doha QAT"]
[Date "2016.12.30"]
[Round "19.2"]
[White "Karjakin, Sergey"]
[Black "Leko, Peter"]
[Result "1-0"]
[WhiteTitle "GM"]
[BlackTitle "GM"]
[WhiteElo "2785"]
[BlackElo "2693"]
[WhiteFideId "14109603"]
[BlackFideId "703303"]
[EventDate "2016.12.29"]

1. e4 e5 2. Nf3 Nc6 3. Bc4 Bc5 4. O-O Nf6 5. d3 d6 6. a4 a6 7. c3 O-O 8. h3 Ba7
9. Nbd2 Ne7 10. Re1 c6 11. b4 Ng6 12. d4 exd4 13. cxd4 d5 14. exd5 Nxd5 15. Qb3
Be6 16. b5 axb5 17. axb5 Ndf4 18. Bxe6 Nxe6 19. Ba3 Nxd4 20. Nxd4 Bxd4 21. Rad1
Re8 22. Ne4 Qb6 23. Nd6 Rxe1+ 24. Rxe1 Bxf2+ 25. Kh1 Bxe1 26. Qxf7+ Kh8 27. Bb2
Rg8 28. Nf5 1-0

[Event "World Blitz 2016"]
[Site "Doha QAT"]
[Date "2016.12.30"]
[Round "19.7"]
[White "Anand, Viswanathan"]
[Black "Melkumyan, Hrant"]
[Result "1-0"]
[WhiteTitle "GM"]
[BlackTitle "GM"]
[WhiteElo "2779"]
[BlackElo "2633"]
[WhiteFideId "5000017"]
[BlackFideId "13302485"]
[EventDate "2016.12.29"]

1. e4 c6 2. d4 d5 3. exd5 cxd5 4. Nf3 Nc6 5. Ne5 Nf6 6. Bb5 Bd7 7. Bxc6 Bxc6 8.
O-O e6 9. Nd2 Be7 10. c4 dxc4 11. Nxc6 bxc6 12. Nxc4 O-O 13. b3 Nd5 14. Bb2 a5
15. Rc1 Bg5 16. Rb1 Be7 17. Ne5 Qd6 18. Rc1 Rfc8 19. Qh5 g6 20. Qf3 Bf6 21. Rc4
Bxe5 22. dxe5 Qe7 23. Bd4 Rab8 24. Bc5 Qg5 25. Bd6 Ra8 26. Rd1 a4 27. bxa4 h5
28. h4 Qf5 29. Qxf5 gxf5 30. Rdc1 Ra6 31. a3 Rca8 32. Rxc6 Rxc6 33. Rxc6 Rxa4
34. g3 f4 35. Kg2 fxg3 36. fxg3 Rd4 37. Ra6 Rd2+ 38. Kf3 Rd3+ 39. Kf2 Rd2+ 40.
Ke1 Rg2 41. a4 Rxg3 42. a5 Rg4 43. Ra8+ Kg7 44. a6 Ra4 45. a7 Ra2 46. Bc5 Ra1+
47. Kd2 Ra2+ 48. Kd3 Nc7 49. Rc8 Nd5 50. a8=Q 1-0

[Event "World Blitz 2016"]
[Site "Doha QAT"]
[Date "2016.12.30"]
[Round "19.8"]
[White "Ivanchuk, Vassily"]
[Black "Jobava, Baadur"]
[Result "1/2-1/2"]
[WhiteTitle "GM"]
[BlackTitle "GM"]
[WhiteElo "2747"]
[BlackElo "2702"]
[WhiteFideId "14100010"]
[BlackFideId "13601520"]
[EventDate "2016.12.29"]

1. d4 Nf6 2. c4 e6 3. Nc3 Bb4 4. e3 b6 5. Ne2 Bb7 6. a3 Be7 7. d5 O-O 8. Nf4 a5
9. Be2 Na6 10. Rb1 Nc5 11. b3 e5 12. Nd3 d6 13. Nxc5 bxc5 14. e4 Ne8 15. Bg4 Bg5
16. O-O Bxc1 17. Qxc1 Bc8 18. Bxc8 Qxc8 19. Qe3 Nf6 20. g3 Nd7 21. f3 Rb8 22.
Kg2 Re8 23. h4 Nf8 24. h5 h6 25. g4 Nh7 26. Ne2 Qd8 27. Ng3 Qg5 28. Qc3 Ra8 29.
Rf2 Nf6 30. Rbb2 Reb8 31. Rf1 Qf4 32. Qc1 Qxc1 33. Rxc1 a4 34. Rcb1 Nd7 35. Nf5
Kf8 36. b4 cxb4 37. Rxb4 Rxb4 38. Rxb4 Nc5 39. Ne3 Ke7 40. Nd1 g6 41. hxg6 fxg6
42. Nc3 Kd7 43. Rb1 Nd3 44. Kg3 h5 45. g5 Nc5 46. Rb4 Kc8 47. Kg2 Rb8 48. Rxb8+
Kxb8 49. Kg3 Kc8 50. Kh4 Kb7 51. Kg3 Kb6 52. Kh4 Ka5 53. Nb5 Kb6 54. Nc3 c6 55.
dxc6 Kxc6 56. Kg3 Ne6 57. Kh4 Nd4 58. Kg3 Ne6 59. Kh4 Nd4 60. Kg3 Nc2 61. Nxa4
Nxa3 62. Nc3 Nxc4 63. Nd5 Kd7 64. Kf2 Nb2 65. Ke2 Na4 66. f4 Nc5 67. f5 Nxe4 68.
fxg6 Ke8 69. Ke3 Nxg5 70. Nf6+ Kf8 71. Nxh5 Ke7 72. Ng7 d5 73. Nf5+ Kf6 74. g7
Kf7 75. g8=Q+ 1/2-1/2

[Event "World Blitz 2016"]
[Site "Doha QAT"]
[Date "2016.12.30"]
[Round "19.9"]
[White "Morozevich, Alexander"]
[Black "Salem, A.R. Saleh"]
[Result "1/2-1/2"]
[WhiteTitle "GM"]
[BlackTitle "GM"]
[WhiteElo "2676"]
[BlackElo "2656"]
[WhiteFideId "4116992"]
[BlackFideId "9301348"]
[EventDate "2016.12.29"]

1. e4 c5 2. Nf3 d6 3. d4 cxd4 4. Nxd4 Nf6 5. Nc3 a6 6. Be3 Ng4 7. Bg5 h6 8. Bc1
Nc6 9. Be2 Nf6 10. O-O e6 11. Be3 Be7 12. f4 O-O 13. a4 Bd7 14. Qe1 Nxd4 15.
Bxd4 Ne8 16. a5 Bc6 17. Bd3 Bf6 18. Bb6 Qd7 19. Rd1 Bxc3 20. Qxc3 Rc8 21. Qb4
Nf6 22. Rfe1 Nh7 23. c4 Rfe8 24. h3 Nf8 25. Bb1 Ng6 26. Rxd6 Qe7 27. Qd2 e5 28.
f5 Nf4 29. Kh2 Nh5 30. b4 Ba4 31. Bc5 Qh4 32. Re3 Qg5 33. Qf2 Rcd8 34. Bd3 Bc6
35. Be2 Nf6 36. Bf3 h5 37. h4 Qf4+ 38. Kg1 Rxd6 39. Bxd6 Nxe4 40. Bxe4 Bxe4 41.
Qxf4 exf4 42. Bxf4 Bc6 43. Rxe8+ Bxe8 44. f6 gxf6 45. Kf2 Bc6 46. g3 Kf8 47. Ke3
Ke7 48. Kd4 Kd7 49. Kc5 Bf3 50. b5 Be2 51. Kb4 Bf1 52. Be3 Be2 53. Kc5 Kc7 54.
Bd4 f5 55. Be5+ Kd7 56. Bf4 Bf1 57. bxa6 bxa6 58. Kd5 Bg2+ 59. Ke5 Bf1 60. c5
Kc6 61. Kf6 Bc4 62. Be3 Kb5 63. Kg5 Be2 1/2-1/2

[Event "World Blitz 2016"]
[Site "Doha QAT"]
[Date "2016.12.30"]
[Round "19.10"]
[White "Riazantsev, Alexander"]
[Black "Wojtaszek, Radoslaw"]
[Result "0-1"]
[WhiteTitle "GM"]
[BlackTitle "GM"]
[WhiteElo "2671"]
[BlackElo "2749"]
[WhiteFideId "4125029"]
[BlackFideId "1118358"]
[EventDate "2016.12.29"]

1. d4 Nf6 2. c4 e6 3. Nf3 d5 4. Nc3 Bb4 5. e3 O-O 6. Bd2 b6 7. cxd5 exd5 8. Bd3
Bb7 9. O-O Re8 10. Rc1 Bf8 11. Ne5 c5 12. f4 Nc6 13. Bb5 Rc8 14. Be1 cxd4 15.
exd4 a6 16. Nxc6 Bxc6 17. Bxa6 Ra8 18. Bd3 Ne4 19. a3 Qf6 20. Ne2 Ba4 21. Bc2
Bb5 22. Bd3 Ba4 23. b3 Bd7 24. a4 Bg4 25. h3 Bxe2 26. Bxe2 Rac8 27. Rxc8 Rxc8
28. Ba6 Rc7 29. Kh1 h6 30. Bb5 Ba3 31. Qd3 Rc1 32. Kg1 Bb2 33. g3 Bxd4+ 34. Kg2
g6 35. Bd2 Rxf1 36. Kxf1 Bc5 37. Kg2 Qb2 38. Qxd5 Qxd2+ 39. Qxd2 Nxd2 40. g4
Nxb3 41. Bd7 Nd4 42. h4 Kg7 43. g5 h5 44. Bc8 Nf5 45. Kh3 Bf2 0-1

[Event "World Blitz 2016"]
[Site "Doha QAT"]
[Date "2016.12.30"]
[Round "19.11"]
[White "Bosiocic, Marin"]
[Black "Artemiev, Vladislav"]
[Result "1/2-1/2"]
[WhiteTitle "GM"]
[BlackTitle "GM"]
[WhiteElo "2591"]
[BlackElo "2653"]
[WhiteFideId "14507927"]
[BlackFideId "24101605"]
[EventDate "2016.12.29"]

1. e4 c5 2. Nf3 e6 3. d4 cxd4 4. Nxd4 a6 5. Bd3 Nf6 6. O-O Qc7 7. Qe2 d6 8. c4
g6 9. Nc3 Bg7 10. Be3 O-O 11. h3 b6 12. Rac1 Bb7 13. Rfd1 Nbd7 14. Bb1 Rac8 15.
b3 Qb8 16. f4 Qa8 17. Bf2 Nh5 18. Qf3 e5 19. fxe5 Nxe5 20. Qe3 Rfe8 21. Nd5 Bxd5
22. cxd5 Nf6 23. Bd3 Nxd3 24. Qxd3 Rxc1 25. Rxc1 Nxe4 26. Nc6 Nxf2 27. Kxf2 b5
28. Re1 Bf6 29. Rxe8+ Qxe8 30. Qe3 Qd7 31. g4 Kg7 32. Kf3 h5 33. Qa7 Qc8 34. Qb8
Qd7 35. Qb6 hxg4+ 36. hxg4 Qc8 37. Qb8 Qxb8 38. Nxb8 a5 39. a4 bxa4 40. bxa4 Bc3
41. Nc6 Kf6 42. Ke4 Kg5 43. Kd3 Be1 44. Ke2 Bc3 45. Kd3 Be1 46. Ke2 Bc3 47. Kd3
Be1 48. Ke2 Bc3 1/2-1/2

[Event "World Blitz 2016"]
[Site "Doha QAT"]
[Date "2016.12.30"]
[Round "19.12"]
[White "Nepomniachtchi, Ian"]
[Black "Yu, Yangyi"]
[Result "1-0"]
[WhiteTitle "GM"]
[BlackTitle "GM"]
[WhiteElo "2767"]
[BlackElo "2729"]
[WhiteFideId "4168119"]
[BlackFideId "8603820"]
[EventDate "2016.12.29"]

1. Nf3 Nf6 2. g3 c5 3. Bg2 Nc6 4. c4 d5 5. cxd5 Nxd5 6. Nc3 Nxc3 7. bxc3 e5 8.
O-O Be7 9. d3 O-O 10. c4 Be6 11. Bb2 f6 12. Nd2 Qd7 13. Ne4 Rfd8 14. Nc3 Rab8
15. a4 Bf8 16. Nd5 Ne7 17. e4 Bh3 18. f4 Bxg2 19. Kxg2 Nxd5 20. cxd5 Bd6 21.
fxe5 fxe5 22. Qh5 Qe7 23. Rf5 g6 24. Qg4 Rf8 25. Raf1 Rbe8 26. h4 Rxf5 27. exf5
Qf7 28. fxg6 Qxg6 29. Qxg6+ hxg6 30. Rf6 e4 31. dxe4 Rxe4 32. Rxg6+ Kf8 33. Kf3
Rb4 34. Rxd6 Rxb2 35. Rd7 Rb4 36. h5 Rxa4 37. h6 Kg8 38. g4 Ra1 39. g5 Rg1 40.
d6 c4 41. Rg7+ Kf8 42. d7 Rd1 43. g6 1-0

[Event "World Blitz 2016"]
[Site "Doha QAT"]
[Date "2016.12.30"]
[Round "19.13"]
[White "Vallejo Pons, Francisco"]
[Black "Mamedov, Rauf"]
[Result "0-1"]
[WhiteTitle "GM"]
[BlackTitle "GM"]
[WhiteElo "2711"]
[BlackElo "2688"]
[WhiteFideId "2205530"]
[BlackFideId "13401653"]
[EventDate "2016.12.29"]

1. d4 g6 2. c4 Bg7 3. Nc3 d6 4. e4 Nc6 5. Nge2 e5 6. Be3 Nf6 7. f3 a6 8. Qd2 Rb8
9. d5 Ne7 10. Nc1 c5 11. g4 h5 12. g5 Nd7 13. h4 O-O 14. a4 Kh7 15. Be2 f5 16.
gxf6 Nxf6 17. Nd3 Bd7 18. a5 b5 19. axb6 Rxb6 20. Nd1 Neg8 21. b4 cxb4 22. Bxb6
Qxb6 23. Qxb4 Qc7 24. c5 dxc5 25. Qxc5 Qb7 26. Qb4 Qa7 27. Rb1 Bb5 28. Qa3 Rb8
29. Qc5 Qa8 30. Rc1 Nd7 31. Qf2 Rf8 32. Nc5 Nxc5 33. Qxc5 Qd8 34. Bxb5 axb5 35.
Ke2 Qf6 36. Rc3 Qf4 37. Qe3 Qf7 38. Nf2 Bh6 39. Qd3 b4 40. Rc6 Ra8 41. Rhc1 Bxc1
42. Rxc1 Ra3 43. Nh3 Kh8 44. Ng5 Qf4 45. Qd2 Qh2+ 46. Kd1 Qg1+ 47. Qe1 Qd4+ 48.
Kc2 Qd3+ 49. Kb2 Qb3# 0-1

[Event "World Blitz 2016"]
[Site "Doha QAT"]
[Date "2016.12.30"]
[Round "19.14"]
[White "Christiansen, Johan-Sebastian"]
[Black "Cheparinov, Ivan"]
[Result "0-1"]
[WhiteTitle "IM"]
[BlackTitle "GM"]
[WhiteElo "2429"]
[BlackElo "2689"]
[WhiteFideId "1512668"]
[BlackFideId "2905540"]
[EventDate "2016.12.29"]

1. Nf3 f5 2. d3 Nf6 3. e4 d6 4. Nc3 Nc6 5. exf5 Bxf5 6. d4 e6 7. Bd3 Be7 8. d5
Bxd3 9. Qxd3 exd5 10. Nxd5 Nxd5 11. Qxd5 Qd7 12. O-O O-O-O 13. Be3 Bf6 14. Rab1
Rhe8 15. b4 Qe6 16. Qd3 Qe4 17. Qa3 Nd4 18. Nd2 Qxc2 19. Nb3 Ne2+ 20. Kh1 a6 21.
b5 axb5 22. Qa8+ Kd7 23. Qxb7 Qc6 24. Qxc6+ Kxc6 25. Na5+ Kd7 26. Rxb5 Nc3 27.
Rh5 h6 28. a3 Ra8 29. Nc4 Ra4 30. Nd2 Rxa3 31. Nf3 Rea8 32. h4 R3a5 33. Rxa5
Rxa5 34. Kh2 c5 35. g4 Nd5 36. Bd2 Ra3 37. Kg2 c4 38. g5 hxg5 39. hxg5 Bb2 40.
Bc1 Bxc1 41. Rxc1 Nf4+ 42. Kg1 Ne2+ 0-1

[Event "World Blitz 2016"]
[Site "Doha QAT"]
[Date "2016.12.30"]
[Round "19.17"]
[White "Bok, Benjamin"]
[Black "Tomashevsky, Evgeny"]
[Result "0-1"]
[WhiteTitle "GM"]
[BlackTitle "GM"]
[WhiteElo "2598"]
[BlackElo "2716"]
[WhiteFideId "1017063"]
[BlackFideId "4147235"]
[EventDate "2016.12.29"]

1. e4 Nf6 2. e5 Nd5 3. d4 d6 4. Nf3 Bg4 5. Be2 e6 6. O-O Be7 7. c4 Nb6 8. Nc3
O-O 9. exd6 cxd6 10. b3 N8d7 11. Be3 Nf6 12. Rc1 Nbd7 13. Qd2 Rc8 14. Rfd1 a6
15. h3 Bh5 16. Bf4 Re8 17. Bh2 Bf8 18. a3 Qb6 19. Qb2 Qd8 20. b4 Bxf3 21. Bxf3
Rxc4 22. Bxb7 Qb6 23. Bf3 Rxd4 24. Na4 Rxd1+ 25. Rxd1 Qb5 26. Nc3 Qb8 27. Qe2
Rc8 28. Ne4 Nxe4 29. Bxe4 Qb6 30. Bd3 a5 31. Bb5 Nf6 32. bxa5 Qxa5 33. Bxd6 Bxd6
34. Rxd6 Qxa3 35. Rd1 Rc1 36. Qd2 Rxd1+ 37. Qxd1 Qa5 38. Bc6 Qb6 39. Bf3 g6 40.
g3 Qb2 41. Kg2 Kg7 42. Qd3 h6 43. h4 Ng8 44. Be4 Nf6 45. Bf3 Qe5 46. Qc2 Nd7 47.
Qd3 Nc5 48. Qc2 Qd4 49. Qe2 Qc3 50. Kh2 Nb3 51. Bg2 Qd4 52. Kg1 Nc5 53. Bf3 Nd3
54. Bg2 Ne5 55. Bf3 g5 56. hxg5 hxg5 57. Be4 f5 58. Bg2 Kf6 59. Bf3 Qd2 60. Kg2
Nxf3 61. Qxf3 Qd5 62. Qxd5 exd5 63. f4 gxf4 64. gxf4 d4 65. Kf3 Ke6 66. Ke2 Kd5
67. Kd3 Kc5 68. Kd2 Kc4 0-1

[Event "World Blitz 2016"]
[Site "Doha QAT"]
[Date "2016.12.30"]
[Round "19.19"]
[White "Mchedlishvili, Mikheil"]
[Black "Bu, Xiangzhi"]
[Result "1/2-1/2"]
[WhiteTitle "GM"]
[BlackTitle "GM"]
[WhiteElo "2601"]
[BlackElo "2705"]
[WhiteFideId "13600966"]
[BlackFideId "8601445"]
[EventDate "2016.12.29"]

1. Nf3 Nf6 2. c4 e6 3. d4 b6 4. a3 Bb7 5. Nc3 Be7 6. d5 O-O 7. e4 exd5 8. cxd5
Re8 9. Be2 Bf8 10. e5 Ng4 11. Bg5 Be7 12. Bf4 d6 13. O-O Nxe5 14. Nxe5 dxe5 15.
Bxe5 Nd7 16. Bg3 Nf6 17. Bb5 Rf8 18. Bc6 Bxc6 19. dxc6 a6 20. Qxd8 Rfxd8 21.
Bxc7 Rdc8 22. Bxb6 Rxc6 23. Be3 Rb8 24. Na4 Nd5 25. Rac1 Rxc1 26. Rxc1 Nxe3 27.
fxe3 f5 28. Kf2 a5 29. Ke2 Bf6 30. Rc5 Bxb2 31. Nxb2 Rxb2+ 32. Kf3 a4 33. Rc4 g5
34. Rxa4 Kf7 35. Ra6 g4+ 36. Kg3 Re2 37. Ra7+ Kg6 38. Re7 Kf6 39. Re8 Kf7 40.
Re5 Kf6 41. Re8 h5 42. h3 Kf7 43. Re5 Kf6 44. Re8 Kf7 45. Re5 Kf6 46. Re8 1/2-1/2

[Event "World Blitz 2016"]
[Site "Doha QAT"]
[Date "2016.12.30"]
[Round "19.20"]
[White "Zhigalko, Sergei"]
[Black "Volokitin, Andrei"]
[Result "1/2-1/2"]
[WhiteTitle "GM"]
[BlackTitle "GM"]
[WhiteElo "2671"]
[BlackElo "2649"]
[WhiteFideId "13502956"]
[BlackFideId "14107090"]
[EventDate "2016.12.29"]

1. e4 c5 2. c3 Nf6 3. e5 Nd5 4. Nf3 Nc6 5. Bc4 Nb6 6. Bb3 d5 7. exd6 Qxd6 8. O-O
Be6 9. Bxe6 Qxe6 10. a4 Qd7 11. a5 Nd5 12. d4 cxd4 13. Nxd4 e6 14. a6 b6 15. Nb5
Rc8 16. Qa4 Bc5 17. b4 Be7 18. Rd1 Ne5 19. Nxa7 Qxa4 20. Rxa4 Ra8 21. Nb5 O-O
22. f4 Nc4 23. Nd4 Rfc8 24. b5 Bf6 25. Kf2 Nd6 26. Ba3 Bxd4+ 27. Rdxd4 Nxb5 28.
Rd3 Nbxc3 29. Nxc3 Nxc3 30. Rb4 Nd5 31. Ra4 Nc3 32. Rad4 Nb5 33. Rb4 Nc3 34.
Rxb6 Nd5 35. Rd6 Nxf4 36. Rf3 Nd5 37. Rd7 Rxa6 38. Rfxf7 Rxa3 39. Rxg7+ Kf8 40.
h3 Rc2+ 41. Kg1 h5 42. Rdf7+ Ke8 43. Rb7 Kf8 44. Rbf7+ Ke8 45. Rb7 Kf8 46. Rbf7+
Ke8 47. Rb7 Kf8 48. Rbf7+ Ke8 49. Rb7 Kf8 1/2-1/2